000 00452nam a2200133Ia 4500
008 100204s9999 xx 000 0 und d
082 _b12419
100 _aकुरळे श्याम
245 _aपशुंचे संमेलन
260 _b"प्रयत्न प्रकाशन , औदुंबर"
630 _aपशुंचे संमेलन
730 _aपशुंचे संमेलन
942 _cBOOK
999 _c456852
_d456849